Top 100 EuroLeague Players for the 2020-2021 Season - Statistics

General Stats
  • This quiz has been taken 1,362 times
    1,058 since last reset
  • The average score is 29 of 100
Answer Stats
# Change Team Position Player % Correct
1 1 ↑ Anadolu Efes G Shane Larkin
88%
2 1 ↓ Barcelona F Nikola Mirotic
82%
5 3 ↑ Anadolu Efes G Vasilije Micic
78%
15 1 ↓ Real Madrid C Edy Tavares
70%
3 8 ↑ CSKA Moscow G Mike James
65%
6 2 ↓ Fenerbahce Beko G Nando De Colo
65%
8 9 ↑ Khimki Moscow G Alexey Shved
61%
9 1 ↑ Barcelona G Nick Calathes
59%
39 18 ↓ Real Madrid G Sergio Llull
59%
14 2 ↓ Olimpia Milano G Sergio Rodriguez
57%
12 3 ↓ Olympiacos G Kostas Sloukas
56%
10 25 ↑ Maccabi Tel-Aviv G Scottie Wilbekin
55%
20 14 ↓ Fenerbahce Beko F/C Jan Vesely
53%
11 8 ↑ CSKA Moscow C Nikola Milutinov
52%
16 13 ↓ CSKA Moscow F Will Clyburn
52%
4 1 ↑ Real Madrid G Facundo Campazzo
51%
7 11 ↑ CSKA Moscow F Tornike Shengelia
47%
21 1 ↓ Olimpia Milano C Kyle Hines
45%
45 1 ↓ Real Madrid G/F Rudy Fernandez
45%
17 10 ↓ Barcelona G Cory Higgins
44%
30 Olympiacos G Vassilis Spanoulis
43%
19 9 ↑ Olympiacos F Giorgos Printezis
40%
34 66 ↑ Fenerbahce Beko G Lorenzo Brown
39%
29 7 ↑ Anadolu Efes C Bryant Dunston
38%
77 19 ↑ Olimpia Milano G Kevin Punter
38%
49 4 ↓ Panathinaikos G Nemanja Nedovic
37%
25 10 ↓ Barcelona C Brandon Davies
36%
64 23 ↓ Valencia F Nikola Kalinic
36%
60 8 ↑ Bayern Munich F Vladimir Lucic
35%
26 2 ↓ Olimpia Milano F Gigi Datome
33%
38 22 ↑ Panathinaikos F Ioannis Papapetrou
33%
23 40 ↑ Valencia F/C Bojan Dubljevic
32%
13 3 ↑ Real Madrid F/C Anthony Randolph
31%
51 25 ↑ Alba Berlin F Luke Sikma
31%
24 23 ↑ Anadolu Efes F Chris Singleton
30%
37 15 ↓ Valencia F Derrick Williams
30%
27 44 ↑ Anadolu Efes G/F Krunoslav Simon
30%
36 NR Anadolu Efes C Tibor Pleiss
30%
79 9 ↑ Olimpia Milano F/C Zach LeDay
30%
62 NR Real Madrid F Gabriel Deck
28%
82 NR Crvena Zvezda G Jordan Loyd
28%
68 12 ↑ Maccabi Tel-Aviv G Tyler Dorsey
28%
32 NR Maccabi Tel-Aviv C Ante Zizic
27%
41 CSKA Moscow G Daniel Hackett
27%
18 5 ↓ Olimpia Milano G Malcolm Delaney
27%
73 5 ↑ Zalgiris Kaunas G Marius Grigonis
27%
22 29 ↑ Maccabi Tel-Aviv C Othello Hunter
27%
71 NR Olimpia Milano G/F Shavon Shields
27%
43 18 ↑ Olympiacos F Kostas Papanikolaou
26%
46 31 ↑ Baskonia G Pierria Henry
26%
58 NR Zalgiris Kaunas G Thomas Walkup
26%
42 10 ↓ Barcelona G/F Adam Hanga
25%
47 20 ↓ Barcelona G/F Alex Abrines
25%
72 25 ↑ Zenit St. Petersburg G Billy Baron
25%
65 42 ↓ Khimki Moscow F/C Jordan Mickey
24%
61 NR Anadolu Efes G Rodrigue Beaubois
24%
54 14 ↓ Barcelona G Thomas Heurtel
24%
28 NR Baskonia F Rokas Giedraitis
23%
44 NR Khimki Moscow C Devin Booker
22%
66 NR Fenerbahce Beko F Edgaras Ulanovas
21%
56 NR Barcelona G Kyle Kuric
21%
69 NR Maccabi Tel-Aviv G Elijah Bryant
20%
50 NR Real Madrid F Trey Thompkins
20%
74 45 ↓ Zenit St. Petersburg C Arturas Gudaitis
19%
86 NR Olympiacos G/F Shaq McKissic
19%
93 NR Zalgiris Kaunas C Joffrey Lauvergne
18%
59 10 ↓ Baskonia G Luca Vildoza
18%
90 NR Zalgiris Kaunas G Lukas Lekavicius
18%
33 34 ↑ Khimki Moscow C Greg Monroe
17%
52 2 ↑ CSKA Moscow F/C Johannes Voigtmann
17%
31 22 ↑ Khimki Moscow F Jonas Jerebko
17%
89 NR Valencia G Klemen Prepelic
17%
80 NR Zenit St. Petersburg F Will Thomas
17%
81 10 ↑ Zenit St. Petersburg G/F Mateusz Ponitka
16%
53 5 ↓ Khimki Moscow G Stefan Jovic
16%
57 NR Real Madrid G Fabien Causeur
15%
40 35 ↑ Khimki Moscow F Janis Timma
15%
83 7 ↑ Alba Berlin G Peyton Siva
15%
35 7 ↑ Olimpia Milano F Vladimir Micov
15%
67 NR Baskonia G/F Darrun Hilliard
14%
76 NR Real Madrid F Alberto Abalde
13%
99 NR ASVEL G/F David Lighty
13%
95 NR Zenit St. Petersburg G/F KC Rivers
13%
96 NR Zenit St. Petersburg G Austin Hollins
12%
100 NR Valencia G Vanja Marinkovic
12%
98 NR Olympiacos G Aaron Harrison
11%
85 33 ↓ Fenerbahce Beko G Bobby Dixon
11%
63 NR Khimki Moscow G Errick McCollum
11%
75 36 ↓ CSKA Moscow G Janis Strelnieks
11%
78 11 ↑ Alba Berlin G/F Marcus Eriksson
11%
48 NR Valencia G Martin Hermannsson
11%
87 NR ASVEL G Norris Cole
11%
55 NR Panathinaikos G Pierre Jackson
11%
70 NR Baskonia C Tonye Jekiri
11%
88 NR Panathinaikos G/F Howard Sant-Roos
10%
94 NR Olimpia Milano C Kaleb Tarczewski
10%
91 19 ↓ Olimpia Milano G/F Michael Roll
9%
92 NR Bayern Munich F Paul Zipser
9%
84 NR Fenerbahce Beko F Danilo Barthel
8%
97 NR Panathinaikos C Zach Auguste
7%
No matching quizzes found
Score Distribution
Percent of People with Each Score
Percentile by Number Answered
Your Score History
You have not taken this quiz since the last reset